| 000 | 00681nam a22002297a 4500 | ||
|---|---|---|---|
| 001 | 000008724 | ||
| 003 | DO-SdBNP | ||
| 005 | 20220210082528.0 | ||
| 007 | ta | ||
| 008 | 090918s1871 dr a 000 0 spa d | ||
| 040 |
_aDO-SdBNP _bspa _cBNPHU |
||
| 082 |
_a930 _bF363 |
||
| 100 | 1 |
_aOrnes viuda de Perello, Amanda _923232 |
|
| 245 | 1 | 0 |
_aD. Fernando Colón, historiador de su padre : _bpor el autor de la Biblioteca Américana vetutissima |
| 260 |
_aSevilla : _bImprenta y Librería Española, _c1871 |
||
| 300 |
_a220 p. ; _c25 cm. |
||
| 590 | _aInventariado, 2022 / DG | ||
| 650 | 4 |
_aColón, Fernando _9192 _y1488-1539 |
|
| 650 | 4 | _9193 | |
| 910 | _aDG | ||
| 942 |
_2ddc _cLBS1 |
||
| 999 |
_c51399 _d51399 |
||